000
00227 a2200121 4500
020
_a
9780673758491
041
_a
spa
100
_a
Wehtje, Viveka
245
_a
Me vera asi
942
_c
BK
999
_c
29666
_d
29664
999
_d
29664
999
_d
29664